| 000 | 01391nam a2200301 i 4500 | ||
|---|---|---|---|
| 003 | EG-GICUC | ||
| 005 | 20260121101144.0 | ||
| 008 | 251105s1948 iq ||||fr|||| 000 0 ara d | ||
| 040 |
_a EG-GICUC _bara _c EG-GICUC _d EG-GICUC _erda |
||
| 082 | 0 | 4 |
_221 _a341.84 _bج ا . ق |
| 092 | 0 | 4 | _221 |
| 099 | _alaw1 12 341.84 ج ا . ق 2 ed - 1948 | ||
| 100 | 0 |
_aجابر جاد عبد الرحمن _eمؤلف. |
|
| 245 | 1 | 2 |
_aالقانون الدولي الخاص : _nالجزء الثاني, _p(تنازع القوانين - تنازع الهيئات - تنازع الاختصاص) / _cجابر جاد عبد الرحمن. |
| 250 | _aالطبعة الثانية | ||
| 264 |
_aبغداد : _bمطبعة التفيض ، _c1948. |
||
| 300 |
_a ؛ صفحة 805 _c24 سم |
||
| 336 |
_2rda content _atext |
||
| 337 |
_2rda media _aComputer |
||
| 338 |
_2rda carrier _aOnline Resource |
||
| 500 | _aمجموعة المحاضرات التي القيت على طلبة الصف الرابع | ||
| 504 | _aيحتوي على ارجاعات ببليوجرافية | ||
| 546 | _aالنص أغلبه باللغة العربية بعض النصوص الإنجليزية والفرنسية | ||
| 650 | 1 | 4 |
_aتنازع القوانين _xالقانون الدولي الخاص |
| 856 | 4 | 0 | _uhttps://fll.law.cu.edu.eg/fulltext/bks/B12-00738.pdf |
| 905 | _aRawan khaled | ||
| 942 |
_2ddc _cBK _e21 _n0 |
||
| 999 |
_c40987 _d40987 |
||